L'enseignement /

Hlavní autor: Vodinský, Stanislav
Jazyk: Francouzština
Vydáno: Prague : Orbis, 1963
Vydání: 2., édition, revue complétée
Edice: Tchécoslovaquie
Témata:
Fyzický popis: 76 s., [16] s. fot. příl. ; 8°
Knihy
Uloženo v:
LEADER 01228nam a22003852a 4500
001 000968998
003 CZ BrMZK
005 20180910110716.0
007 ta
008 091005s1963 xr f er|||||||||||fre d
015 |a cnb000476186 
035 |a (OCoLC)42130536 
040 |a ABA001  |b cze  |c PNA001  |d ABA001 
041 1 |a fre  |h cze 
043 |a e-cs--- 
072 7 |a 37.09  |x Organizace výuky a vzdělávání  |2 Konspekt  |9 22 
080 |a 37.09  |2 MRF 
080 |a 37.0  |2 MRF 
080 |a (437)  |2 MRF 
080 |a (048.8)  |2 MRF 
100 1 |a Vodinský, Stanislav  |7 jx20050421021  |4 aut 
245 1 0 |a L'enseignement /  |c Stanislav Vodinský 
250 |a 2., édition, revue complétée 
260 |a Prague :  |b Orbis,  |c 1963 
300 |a 76 s., [16] s. fot. příl. ;  |c 8° 
490 1 |a Tchécoslovaquie ;  |v sv. 6 
500 |a Přeloženo z češtiny 
650 0 7 |a školství  |7 ph116829  |z Československo  |2 czenas 
650 0 7 |a vzdělávání  |7 ph127311  |z Československo  |2 czenas 
655 7 |a přehledy  |7 fd133202  |2 czenas 
830 0 |a Tchécoslovaquie 
910 |a BOA001  |b 1-0457.023-63 
990 |a BK 
991 |b 200909 
996 6 |b 2619435910  |c 1-0457.023-63  |l MZK  |r Sklad / do 1 hodiny  |n 0  |w 000968998  |u 000010  |a 1  |e BOA001  |j MZK50  |s P